[Event "Tapolca"]
[Site "Tapolca"]
[Date "1989.??.??"]
[Round "?"]
[White "Payen, Arnaud"]
[Black "Madl, Ildiko"]
[Result "1/2-1/2"]
[WhiteElo "2240"]
[BlackElo "2270"]

1.e4 c5 2.Nf3 d6 3.d4 cxd4 4.Nxd4 Nf6 5.Nc3 Nc6 6.Bg5 e6 7.Qd2 a6 8.O-O-O Bd7
9.f4 Qa5 10.Be2 Be7 11.Kb1 Qc7 12.Nb3 O-O-O 13.Bh4 Be8 14.Bf2 Nd7 15.Qe3  1/2-1/2

[Event "Vinkovci"]
[Site "Vinkovci"]
[Date "1989.??.??"]
[Round "?"]
[White "Palac, Mladen"]
[Black "Kozul, Zdenko"]
[Result "1-0"]
[WhiteElo "2460"]
[BlackElo "2560"]

1.e4 c5 2.Nf3 Nc6 3.d4 cxd4 4.Nxd4 Nf6 5.Nc3 d6 6.Bg5 e6 7.Qd2 a6 8.O-O-O Bd7
9.f4 b5 10.Bxf6 gxf6 11.Nxc6 Bxc6 12.Qe1 b4 13.Nd5 a5 14.Bd3 Bg7 15.f5 Bxd5
16.exd5 e5 17.Bb5+ Ke7 18.Bc6 Ra6 19.Rd4 h5 20.Kb1 Bh6 21.Qe2 Qb6 22.Rh4 a4
23.Bb5 Ra5 24.Rxb4 Be3 25.c4 Rha8 26.Qc2 a3 27.Qc3 Bd4 28.Bc6 Qc5 29.Rb7+ Kf8
30.b4 Bxc3 31.bxc5 Rd8 32.Kc2 Bd4 33.cxd6 Rxd6 34.Rd1 Rd8 35.Rd3 Bf2 36.Rf3 Bg1
37.Rh3 Kg7 38.Rxh5 e4 39.Rh4 e3 40.Rg4+ Kf8 41.h4 Rc5 42.h5 e2 43.Kd2 Rxc6
44.Kxe2 Rb6 45.Rxb6 Bxb6 46.d6 Re8+ 47.Kd3 Re1 48.h6 Rh1 49.Ke4 Ke8 50.Kd5 Kd7
51.c5 Bxc5 52.Kxc5 Rxh6 53.Rg7 Rh1 54.Rxf7+ Kd8 55.Ra7 Rf1 56.Kc6 Rc1+ 57.Kd5 Rc2
58.Ke6 Re2+ 59.Kxf6 Rxa2 60.g4 Ra1  1-0

[Event "Warsaw op"]
[Site "Warsaw"]
[Date "1989.??.??"]
[Round "?"]
[White "Sznapik, Aleksander"]
[Black "Sendera, Jaroslaw"]
[Result "1/2-1/2"]
[WhiteElo "2455"]
[BlackElo "2380"]

1.e4 c5 2.Nf3 d6 3.d4 cxd4 4.Nxd4 Nf6 5.Nc3 Nc6 6.Bg5 e6 7.Qd2 Be7 8.O-O-O O-O
9.Nb3 Qb6 10.Be3 Qc7 11.f3 a6 12.g4 Nd7 13.h4 b5 14.g5 Na5 15.Nxa5 Qxa5 16.Kb1 b4
17.Ne2 Nc5 18.Nd4 Bd7 19.Nb3 Nxb3 20.cxb3 Rac8 21.h5 d5 22.exd5 exd5 23.Bd3 d4
24.Bxd4 Bf5 25.g6 Bg5 26.gxh7+ Kxh7 27.f4 Rfd8 28.Qe3 Bf6 29.Bxf6 Rxd3 30.Rxd3 Qd5
31.Rd1 gxf6 32.h6 Rd8 33.Kc2 Qc6+ 34.Kb1 Qd5 35.Kc2  1/2-1/2

[Event "Hoogovens-B"]
[Site "Wijk aan Zee"]
[Date "1989.??.??"]
[Round "?"]
[White "Armas, Iulius"]
[Black "Fedorowicz, John P"]
[Result "0-1"]
[WhiteElo "2455"]
[BlackElo "2505"]

1.e4 c5 2.Nf3 d6 3.d4 cxd4 4.Nxd4 Nf6 5.Nc3 Nc6 6.Bg5 Qb6 7.Nb3 e6 8.Qd2 Be7
9.O-O-O O-O 10.f3 Rd8 11.Nb5 Rd7 12.Be3 Qd8 13.N5d4 Ne5 14.g4 d5 15.g5 Ne8
16.exd5 exd5 17.Nf5 Bf8 18.Nbd4 Nc4 19.Bxc4 dxc4 20.Rhg1 Qc7 21.Bf4 c3 22.Qe3 cxb2+
23.Kb1 Qd8 24.Rde1 Nc7 25.Nh6+ Kh8 26.Bxc7 Rxc7 27.Qe8 Be6 28.Qxd8 Rxd8 29.Rxe6 gxh6
30.Re4 hxg5 31.Rxg5 Bg7 32.Rgg4 f5 33.Rxg7 Rxg7 34.Nxf5 Rg2 35.h4 Rc8 36.Nd4 Rd2
37.Kxb2 Rc4 38.Re8+ Kg7 39.Nf5+ Kf7 40.Rh8 Rcxc2+ 41.Kb3 Kg6 42.Ne3 Rc7  0-1

[Event "JUG-chT"]
[Site "Zlatibor"]
[Date "1989.??.??"]
[Round "?"]
[White "Veroci, Zsuzsa"]
[Black "Nutu Gajic, Dana"]
[Result "1/2-1/2"]
[WhiteElo "2340"]
[BlackElo "2340"]

1.e4 c5 2.Nf3 d6 3.d4 Nf6 4.Nc3 cxd4 5.Nxd4 Nc6 6.Bg5 e6 7.Qd2 a6 8.O-O-O Bd7
9.f4 h6 10.Bh4 g5 11.fxg5 Ng4 12.Nxc6 Bxc6 13.Be2 Ne5 14.g3 Ng6 15.Kb1 h5
16.Rhf1 Be7 17.Rf2 Rh7 18.Rdf1 Ne5 19.Rxf7 Rxf7 20.Bxh5 Qc7 21.Qe2 Bf8 22.Bxf7+ Nxf7
23.Qh5 Bb5 24.Rf2 Bg7 25.Qh7 Qc5 26.Qg8+ Kd7 27.Qxf7+ Kc6 28.Rd2 Bxc3 29.bxc3 Qxc3
30.Qf2 Qb4+ 31.Kc1  1/2-1/2

[Event "Aarhus int-B"]
[Site "Aarhus"]
[Date "1990.??.??"]
[Round "3"]
[White "McDonald, Neil R"]
[Black "Muir, Andrew J"]
[Result "0-1"]
[WhiteElo "2360"]
[BlackElo "2290"]

1.e4 c5 2.Nf3 Nc6 3.d4 cxd4 4.Nxd4 Nf6 5.Nc3 d6 6.Bg5 e6 7.Qd2 Be7 8.O-O-O O-O
9.Nb3 Qb6 10.f3 a6 11.h4 Rd8 12.g4 Qc7 13.Bxf6 Bxf6 14.g5 Be7 15.f4 b5 16.Bh3 b4
17.Ne2 a5 18.f5 a4 19.Nbd4 Nxd4 20.Nxd4 e5 21.f6 exd4 22.fxe7 Qxe7 23.Qxb4 Bxh3
24.Rxh3 Qe6 25.Ra3 Qg4 26.Qe1 Qf4+ 27.Kb1 d5 28.Rxd4 Re8 29.Rxd5 Rxe4 30.Qd1 Rae8
31.Rd8 Qe5 32.g6 hxg6 33.h5 Re1 34.hxg6 Rxd8 35.gxf7+ Kf8  0-1

[Event "Adelaide op"]
[Site "Adelaide"]
[Date "1990.??.??"]
[Round "4"]
[White "Klovans, Janis"]
[Black "Lanka, Zigurds"]
[Result "1/2-1/2"]
[WhiteElo "2360"]
[BlackElo "2500"]

1.e4 c5 2.Nf3 Nc6 3.d4 cxd4 4.Nxd4 Nf6 5.Nc3 d6 6.Bg5 e6 7.Qd2 a6 8.O-O-O h6
9.Be3 Be7 10.f3 Qc7 11.Kb1 Rb8 12.h4 Ne5 13.Bd3 h5 14.Bg5 b5 15.f4 b4 16.Nce2 Neg4
17.Ng3 g6 18.Rhf1 e5 19.Nf3 Be6 20.b3 Nh7 21.Bxe7 Kxe7 22.f5 gxf5 23.exf5 Bd5
24.Nxh5 Nhf6 25.Nxf6 Nxf6 26.g4 Bxf3 27.Rxf3 Rxh4 28.g5 Nd5 29.f6+ Kf8 30.Bf5 Nc3+
31.Rxc3 bxc3 32.Qf2 Rbb4 33.a3 Rbf4 34.Qg3 Qc6 35.Ka2 d5 36.Bd3 d4 37.Re1 e4
38.Bc4 a5 39.g6 Qxf6 40.gxf7 Rhg4 41.Qh2 Qh4 42.Rxe4 Qxh2 43.Re8+ Kg7 44.Rg8+ Kh7
45.Bd3+ Kh6 46.Rh8+ Kg5 47.Rxh2 Rxf7 48.b4 axb4 49.axb4 Rg1 50.b5 Rc7 51.Rf2 Rd1
52.Rf5+ Kg4 53.b6 Rb7 54.Rf6 Rb8 55.Rd6 Kf3 56.Rxd4 Rxb6 57.Be4+ Ke2 58.Bf3+ Kxf3
59.Rxd1 Rb2+ 60.Ka3 Rxc2  1/2-1/2

[Event "FRA-ch"]
[Site "Angers"]
[Date "1990.??.??"]
[Round "3"]
[White "Santo Roman, Marc"]
[Black "Miralles, Gilles"]
[Result "1-0"]
[WhiteElo "2435"]
[BlackElo "2460"]

1.e4 c5 2.Nf3 Nc6 3.d4 cxd4 4.Nxd4 Nf6 5.Nc3 d6 6.Bg5 Bd7 7.Nb3 a6 8.Bxf6 gxf6
9.Qh5 Rc8 10.f4 Nb4 11.O-O-O Qb6 12.g3 Nxa2+ 13.Nxa2 Qxb3 14.Nc3 Qb4 15.Bh3 Bxh3
16.Qxh3 Kd8 17.Qh5 Qc4 18.Rhe1 b5 19.e5 fxe5 20.fxe5 Qe6 21.Qf3 Qg6 22.exd6 exd6
23.Qb7 Rc7 24.Qb8+ Rc8 25.Re8+  1-0

[Event "JUG-chT FL"]
[Site "Arandjelovac"]
[Date "1990.??.??"]
[Round "1"]
[White "Jovcic, Milan"]
[Black "Jovanovic, Sasa T"]
[Result "1-0"]
[WhiteElo "2300"]
[BlackElo "2335"]

1.e4 c5 2.Nf3 d6 3.d4 cxd4 4.Nxd4 Nf6 5.Nc3 Nc6 6.Bg5 e6 7.Qd2 Be7 8.O-O-O O-O
9.Nb3 d5 10.Bxf6 Bxf6 11.exd5 Bxc3 12.Qxc3 exd5 13.Kb1 Be6 14.Be2 Rc8 15.Bf3 a5
16.Qd2 a4 17.Nc5 Ne5 18.Nxa4 Nxf3 19.gxf3 Rc4 20.b3 Rc6 21.Nb2 Qf6 22.Nd3 Rfc8
23.Nb4 Rc3 24.Qd4 Qxf3 25.Rhg1 g6 26.Rg3 Qh5 27.Rxc3 Rxc3 28.Nxd5 Bxd5 29.Qxd5 Qxd5
30.Rxd5 Rh3 31.Rb5 Rxh2 32.Rxb7 Rxf2 33.a4 h5 34.a5 h4 35.a6 Rf6 36.a7 Ra6
37.Rb8+ Kg7 38.a8=Q Rxa8 39.Rxa8 h3 40.Kb2 g5 41.Ra1 g4 42.Rh1 f5 43.Kc3 f4
44.Kd3 Kf6 45.Ke4 Kg5 46.b4 f3 47.Ke3 Kh4 48.Kf2 g3+ 49.Kxf3 g2 50.Rd1  1-0

[Event "JUG-chT FL"]
[Site "Arandjelovac"]
[Date "1990.??.??"]
[Round "3"]
[White "Saric, Natasa"]
[Black "Dragasevic Georgieva, Antonina"]
[Result "1/2-1/2"]
[WhiteElo "2100"]
[BlackElo "2215"]

1.e4 c5 2.Ne2 d6 3.Nbc3 Nc6 4.d4 cxd4 5.Nxd4 Nf6 6.Bg5 e6 7.Bb5 Bd7 8.Bxc6 bxc6
9.Qf3 h6 10.Bh4 c5 11.Nb3 Be7 12.Rd1 O-O 13.e5 dxe5 14.Bxf6 gxf6 15.Qb7 c4
16.Rxd7 Rb8 17.Qxa7 Ra8 18.Rxd8 Rxa7 19.Rxf8+ Bxf8 20.Nd2 Bb4 21.Ke2 Bxc3
22.bxc3 Rxa2 23.Rc1 Ra4 24.Rb1 Kg7 25.Rb4 Ra2 26.Rxc4 Rxc2 27.Rc8 e4 28.c4 f5
29.c5 Kf6 30.c6 Ke5 31.g3 f4 32.gxf4+ Kxf4 33.c7 f5 34.Re8 Rxc7 35.Rxe6 h5
36.Rh6 Kg5 37.Rh8 Rc3 38.Re8 Kg4 39.Re5 h4 40.Rb5 Rc2 41.Rb3 Ra2 42.Re3 Rc2
43.Kd1 Ra2 44.Ke2 Rc2 45.Kd1  1/2-1/2

[Event "JUG-chT FL"]
[Site "Arandjelovac"]
[Date "1990.??.??"]
[Round "7"]
[White "Jovcic, Milan"]
[Black "Pavlovic, Slobodan"]
[Result "1-0"]
[WhiteElo "2300"]
[BlackElo "2250"]

1.e4 c5 2.Nf3 Nc6 3.d4 cxd4 4.Nxd4 Nf6 5.Nc3 d6 6.Bg5 e6 7.Qd2 a6 8.O-O-O Bd7
9.f4 b5 10.Bxf6 gxf6 11.Nce2 Qb6 12.Kb1 h5 13.g3 O-O-O 14.Bg2 h4 15.Nxc6 Bxc6
16.Qc3 e5 17.fxe5 fxe5 18.Rhf1 Rh7 19.gxh4 Be7 20.h5 Kb8 21.Qb3 Rf8 22.Ng3 Bd7
23.Nf5 Be6 24.Qa3 Bxf5 25.Rxf5 f6 26.Qb3 Rg7 27.Bf1 Rc8 28.Rf3 Qb7 29.Bd3 Rh8
30.Rh3 Rg5 31.a4 bxa4 32.Qxa4 Ka7 33.Bxa6 Qxa6 34.Qd7+ Qb7 35.Ra3+ Kb8 36.Rb3  1-0

[Event "JUG-chT FL"]
[Site "Arandjelovac"]
[Date "1990.??.??"]
[Round "9"]
[White "Jovcic, Milan"]
[Black "Kovacevic, Predrag"]
[Result "1/2-1/2"]
[WhiteElo "2300"]
[BlackElo "2390"]

1.e4 c5 2.Nf3 Nc6 3.d4 cxd4 4.Nxd4 Nf6 5.Nc3 d6 6.Bg5 e6 7.Qd2 a6 8.O-O-O Bd7
9.f4 Be7 10.Nf3 b5 11.Bxf6 gxf6 12.g3 Qb6 13.f5 O-O-O 14.Bh3 Kb8 15.fxe6 fxe6
16.Kb1 Bc8 17.Qh6 Qc5 18.Ne2 d5 19.exd5 Nb4 20.Nc3 Nxd5 21.Nxd5 Rxd5 22.Rxd5 Qxd5
23.Rf1 Rd8 24.a3 a5 25.Qxh7 Rd7 26.Qh6 b4 27.Qe3 Rb7 28.axb4 Rxb4 29.Re1 Qb5  1/2-1/2

[Event "AUT-chT playoff"]
[Site "Austria"]
[Date "1990.??.??"]
[Round "?"]
[White "Janetschek, Karl"]
[Black "Lendwai, Reinhard"]
[Result "1-0"]
[WhiteElo "2345"]
[BlackElo "2335"]

1.e4 c5 2.Nf3 d6 3.d4 cxd4 4.Nxd4 Nf6 5.Nc3 Nc6 6.Bg5 Bd7 7.Nb3 a6 8.Bd3 e6
9.O-O Be7 10.Kh1 O-O 11.Qe1 Nb4 12.f4 Nxd3 13.cxd3 h6 14.Bh4 Rc8 15.Ne2 Bb5
16.Rf3 Rc7 17.Nbd4 Bd7 18.Nc3 Rc5 19.Qg1 Rc8 20.Raf1 b5 21.a3 Rb8 22.g4 b4
23.axb4 Rxb4 24.g5 Ne8 25.f5 hxg5 26.fxe6 fxe6 27.Rxf8+ Bxf8 28.Bxg5 Be7
29.Bxe7 Qxe7 30.Nf5 Qd8 31.Nh6+ Kh7 32.Rf8 Qe7 33.Rf7 Qh4 34.Ng4 Bc6 35.Nf6+ Qxf6
36.Rxf6 Nxf6 37.Qf2 a5 38.Kg1 a4 39.Qd2 Rb3 40.Qc2 Kg8 41.Ne2 Bd7 42.Nd4 Rb7
43.Nf3 Rb4 44.Qc3 Rb3 45.Qd4 d5 46.e5 Nh7 47.Nd2 Rb7 48.Kf2 Nf8 49.Ke1 Ng6
50.Kd1 Ne7 51.Kc1 Rc7+ 52.Kb1 Rb7 53.Qc3 Nc6 54.Ka1 Rb4 55.Qc5 Kf7 56.Nf3 Ke8
57.Ng5 Rf4 58.Nxe6 Rf1+ 59.Ka2 Nxe5 60.Nxg7+ Kf7 61.Qxd5+ Kxg7 62.Qxe5+ Kf7
63.Ka3 Rf5 64.Qd4 Ke6 65.Kb4 Rb5+ 66.Kc3 Rd5 67.Qe4+ Kd6 68.h4 Bc6 69.Qf4+ Ke6
70.Qh6+ Kd7 71.Qg7+ Kd6 72.h5 Bb5 73.d4  1-0

[Event "AUT-chT"]
[Site "Austria"]
[Date "1990.??.??"]
[Round "?"]
[White "Petschar, Kurt"]
[Black "Wittmann, Walter"]
[Result "0-1"]
[WhiteElo "2315"]
[BlackElo "2410"]

1.e4 c5 2.Nf3 d6 3.d4 cxd4 4.Nxd4 Nf6 5.Nc3 Nc6 6.Bg5 e6 7.Qd2 Be7 8.O-O-O O-O
9.Nb3 a6 10.Bxf6 gxf6 11.Nd4 Bd7 12.f4 b5 13.Nxc6 Bxc6 14.Bd3 Kh8 15.Rhe1 Rg8
16.g3 b4 17.Ne2 Qb6 18.Ng1 a5 19.Qe3 Qb7 20.Nf3 a4 21.Nd4 Ra5 22.Bc4 Rc5
23.Nxc6 Qxc6 24.b3 Rc8 25.Re2 Rc7 26.Qd4 d5 27.exd5 exd5 28.Bd3 axb3 29.axb3 Ra5
30.Rxe7 Rxe7 31.Qxb4 Rc5 32.Kd2 Kg7 33.Ra1 Rc7 34.Ra2 Qe6 35.Qd4 Qb6 36.Ra4 Qe6
37.Ra6 Rxc2+ 38.Bxc2 Qxa6 39.Qd3 Qa5+ 40.Ke2 Kf8 41.Qxh7 Qc3 42.Kd1 Ra7 43.Qd3 Ra1+
44.Ke2 Qe1+ 45.Kf3 Qh1+ 46.Kg4 Qxh2 47.Qxd5 Qe2+  0-1

[Event "Bad Wildbad"]
[Site "Bad Wildbad"]
[Date "1990.??.??"]
[Round "1"]
[White "Marciano, David"]
[Black "Gschnitzer, Oswald"]
[Result "1/2-1/2"]
[WhiteElo "2325"]
[BlackElo "2440"]

1.e4 c5 2.Nf3 Nc6 3.d4 cxd4 4.Nxd4 Nf6 5.Nc3 d6 6.Bg5 e6 7.Qd2 Be7 8.O-O-O O-O
9.f4 Nxd4 10.Qxd4 Qa5 11.Bc4 Bd7 12.e5 dxe5 13.fxe5 Bc6 14.Bxf6 gxf6 15.Nd5 Bxd5
16.exf6 Bxf6 17.Qxf6 Bxc4 18.Rd4 Be2 19.Re4 Bh5 20.Re5 Qxa2 21.Rxh5 Rfd8
22.Qg5+ Kf8 23.Qc5+ Ke8 24.Qa3 Qxa3 25.bxa3 Ke7 26.Rxh7 Rh8 27.Rg7 Rag8 28.Rxg8 Rxg8
29.g3 f5 30.Kd2 Kf6 31.a4 b6 32.Ra1 Rh8 33.h4 Rg8 34.Ra3 Rg4 35.Ke2 Rc4 36.c3 Kg6
37.a5 bxa5 38.Rxa5 Rxc3 39.Kf2 Rc7 40.Kf3 Kf6 41.Ra6 Rb7 42.Ke3 Ke5 43.Ra5+ Kd6
44.Kf4 Rg7 45.Ra6+ Kd5 46.Ra5+ Kd4 47.Ra4+ Kc5 48.Ra6  1/2-1/2

[Event "Balassagyarmat"]
[Site "Balassagyarmat"]
[Date "1990.??.??"]
[Round "11"]
[White "Luther, Thomas"]
[Black "Ruban, Vadim"]
[Result "0-1"]
[WhiteElo "2405"]
[BlackElo "2565"]

1.e4 c5 2.Nf3 d6 3.d4 cxd4 4.Nxd4 Nf6 5.Nc3 Nc6 6.Bg5 e6 7.Qd2 a6 8.O-O-O h6
9.Be3 Be7 10.f4 Bd7 11.Kb1 b5 12.Bd3 Qc7 13.Nb3 b4 14.Ne2 a5 15.h3 a4 16.Nbd4 Qb7
17.g4 Nxd4 18.Bxd4 Nxe4 19.Bxe4 Qxe4 20.Ng3 Qb7 21.Nh5 Bc6 22.Rhe1 b3 23.Bxg7 Rg8
24.Nf6+ Bxf6 25.Bxf6 Be4 26.Ka1 bxc2 27.Rc1 Rg6 28.g5 Rxf6 29.gxf6 Kd7 30.Qd4 Bf5
31.a3 Qa7 32.Qc4 Qc5 33.Qe2 Rb8 34.Qh5 Qd4  0-1

[Event "Bayamo"]
[Site "Bayamo"]
[Date "1990.??.??"]
[Round "5"]
[White "Zapata, Alonso"]
[Black "Martin del Campo, Roberto"]
[Result "1-0"]
[WhiteElo "2480"]
[BlackElo "2465"]

1.e4 c5 2.Nf3 d6 3.d4 cxd4 4.Nxd4 Nf6 5.Nc3 Nc6 6.Bg5 Bd7 7.Qd2 Rc8 8.O-O-O Nxd4
9.Qxd4 Qa5 10.Bd2 e5 11.Qd3 a6 12.Kb1 Be6 13.Nd5 Qd8 14.f4 Bxd5 15.exd5 exf4
16.Bxf4 Be7 17.Be2 O-O 18.g4 Qc7 19.c3 Nd7 20.g5 Nc5 21.Qc2 Rfe8 22.h4 b5
23.h5 Rb8 24.Rh3 b4 25.c4 a5 26.Bg4 Bf8 27.Bc1 a4 28.Qg2 Re4 29.g6 Rxc4 30.gxh7+ Kh8
31.Bf5 Qe7 32.Qf1 Qe5 33.Rf3 Rd4 34.Re1 Qxd5 35.Bg6 f6 36.h6 Nd7 37.Bf5 Ne5
38.hxg7+ Bxg7 39.Rg3 Rb7 40.Qa6 Rf7 41.Rxg7 Kxg7 42.Qc8  1-0

[Event "Bayamo"]
[Site "Bayamo"]
[Date "1990.??.??"]
[Round "7"]
[White "Garcia Martinez, Silvino"]
[Black "Martin del Campo, Roberto"]
[Result "1-0"]
[WhiteElo "2415"]
[BlackElo "2465"]

1.e4 c5 2.Nf3 d6 3.d4 cxd4 4.Nxd4 Nf6 5.Nc3 Nc6 6.Bg5 e6 7.Qd2 Be7 8.O-O-O O-O
9.f4 h6 10.Bh4 e5 11.Nf5 Bxf5 12.exf5 exf4 13.Kb1 d5 14.Bxf6 Bxf6 15.Nxd5 Be5
16.c3 Qd6 17.g3 fxg3 18.hxg3 Ne7 19.Ne3 Qxd2 20.Rxd2 Rfd8 21.Re2 f6 22.g4 Rac8
23.Bg2 Rc7 24.Be4 Rcd7 25.Bc2 Nc6 26.Bb3+ Kf8 27.Ba4 Rd2 28.Rxd2 Rxd2 29.Rd1 Re2
30.Rd3 a6 31.Bd1 Re1 32.Nd5 g6 33.fxg6 Kg7 34.Ne3 Kxg6 35.Kc2 Kg5 36.Bf3 Bf4
37.Ng2 Rc1+ 38.Kb3 Ne5 39.Rd8 f5 40.Rg8+ Kf6 41.Bxb7 Bg5 42.Rf8+ Ke7 43.Rxf5 Nxg4
44.Bxa6 Rb1 45.Rf1 Rxf1 46.Bxf1 h5 47.Be2 Nf6 48.Ne1 Bh4 49.Nf3 Bg3 50.a4 Ne4
51.a5 Kd6 52.Kc4 h4 53.Bf1 Nf2 54.Ng5 Nd1 55.Kb5 Kc7 56.a6 Nxb2 57.Be2 Bd6
58.c4 Kb8 59.c5 Be5 60.Ne6 Bg3 61.Ng5 Bf4 62.Ne6 Bg3 63.Nd4 h3 64.Nc6+ Ka8
65.a7 Kb7 66.Bg4 Nd3 67.Bc8+ Ka8 68.Kb6 Nxc5 69.Kxc5 Bf2+ 70.Kb5 Bxa7 71.Ka6  1-0

[Event "Belgrade-A"]
[Site "Belgrade"]
[Date "1990.??.??"]
[Round "4"]
[White "Ziatdinov, Raset"]
[Black "Grigorov, Jordan N"]
[Result "1/2-1/2"]
[WhiteElo "2440"]
[BlackElo "2385"]

1.e4 c5 2.Nf3 Nc6 3.d4 cxd4 4.Nxd4 Nf6 5.Nc3 d6 6.Bg5 e6 7.Qd2 a6 8.O-O-O h6
9.Be3 Be7 10.h3 Nxd4 11.Bxd4 b5 12.Bxf6 Bxf6 13.Qxd6 Qxd6 14.Rxd6 Ke7 15.Rd3 Bb7
16.f3 Rac8 17.a3 Rc7 18.Na2 Rhc8 19.c3 a5 20.Rd1 Bc6 21.Bd3 Be5 22.Kb1 g5
23.Bc2 Bd6 24.Rhe1 f6 25.Bb3 Bb7 26.Nc1 Ba6 27.Nd3 b4 28.cxb4 Bxd3+ 29.Rxd3 axb4
30.Red1 Be5 31.axb4 Rb8 32.Ba4 Rxb4 33.b3 h5 34.Rd8 h4 35.R1d2 Rb6 36.R2d7+ Rxd7
37.Rxd7+ Kf8 38.Kc2 Rb8 39.Kd2 Rb6 40.Kc2 Rb8 41.Kd3 Rb4 42.Ra7 Rd4+ 43.Kc2 Rb4
44.Rh7 Rb6 45.Kd3 Rb4 46.Rd7 Bg3 47.Kc3 Be1+ 48.Kb2 Rb6 49.Rh7 Bb4 50.Kc2 Kg8
51.Rd7 Kf8 52.Kd3 Be7 53.Kc4 Rb4+ 54.Kc3 Rb6 55.Ra7 Bd6 56.Ra8+ Ke7 57.Re8+ Kf7
58.Rd8 Be7 59.Be8+ Kg7 60.Rc8 Bd6 61.Rd8 Be7 62.Ra8 Bd6 63.Bh5 Rc6+ 64.Kb2 Be5+
65.Ka3 Bd6+ 66.Ka4 Rb6 67.Rd8 Be7 68.Rd4 f5 69.exf5 exf5 70.f4 Ra6+ 71.Kb5 Ra2
72.Bf3 g4 73.Bc6 gxh3 74.gxh3 Rh2 75.Rd7 Kf6 76.Rd3 Rf2 77.Bf3 Rh2 78.Bd5 Rf2
79.Bf3 Rh2 80.Bd5 Rf2 81.Re3 Bf8  1/2-1/2

[Event "Neukoelln"]
[Site "Berlin"]
[Date "1990.??.??"]
[Round "2"]
[White "Luecke, Norbert"]
[Black "Lagunow, Alexander"]
[Result "0-1"]
[WhiteElo "2350"]
[BlackElo "2400"]

1.e4 c5 2.Nf3 d6 3.d4 cxd4 4.Nxd4 Nf6 5.Nc3 Nc6 6.Bg5 e6 7.Qd2 a6 8.O-O-O h6
9.Bf4 Bd7 10.Nxc6 Bxc6 11.f3 d5 12.Qe3 Qa5 13.Be5 dxe4 14.Bxf6 gxf6 15.Nxe4 Qxa2
16.Nxf6+ Ke7 17.Ne4 Qa1+ 18.Kd2 Qxb2 19.Rb1 Qxb1  0-1

[Event "Neukoelln"]
[Site "Berlin"]
[Date "1990.??.??"]
[Round "4"]
[White "Pedzich, Dominik"]
[Black "Lagunow, Alexander"]
[Result "1/2-1/2"]
[WhiteElo "2405"]
[BlackElo "2400"]

1.e4 c5 2.Nf3 d6 3.d4 cxd4 4.Nxd4 Nf6 5.Nc3 Nc6 6.Bg5 e6 7.Qd2 a6 8.O-O-O h6
9.Bf4 Bd7 10.Nxc6 Bxc6 11.f3 d5 12.Qe1 Bb4 13.a3 Ba5 14.Bd2 Qe7 15.e5 Nd7
16.Kb1 Bb6 17.Bd3 O-O-O 18.Na2 Nc5 19.Bb4 Qc7 20.Rc1 Kb8 21.Qg3 a5 22.Bd2 Na4
23.Nc3 Bd4 24.Nxa4 Bxa4 25.Qf4 Qxe5 26.c3 Qxf4 27.Bxf4+ e5 28.Bg3 Be3 29.Bxe5+ Ka8
30.Rce1 Bd2 31.Bxg7 Rhe8 32.Rxe8 Rxe8 33.Bd4 Bb3 34.Bb5 Re6 35.a4 b6 36.g3 Kb7
37.f4 Re4 38.Rf1 h5 39.Be5 Be3 40.Re1 Bf2 41.Rf1 Bc5 42.Kc1 Be3+ 43.Kb1 Bc5
44.Kc1 Be3+  1/2-1/2

[Event "Bern op"]
[Site "Bern"]
[Date "1990.??.??"]
[Round "8"]
[White "Watson, William N"]
[Black "Gast, Jonathan"]
[Result "1-0"]
[WhiteElo "2470"]
[BlackElo "2280"]

1.e4 c5 2.Nf3 d6 3.d4 cxd4 4.Nxd4 Nf6 5.Nc3 Nc6 6.Bg5 e6 7.Bb5 Bd7 8.Bxc6 bxc6
9.Qf3 Qa5 10.h4 Rb8 11.Nb3 Qa6 12.e5 Nd5 13.exd6 Bxd6 14.Ne4 Bf8 15.Bf4 Nxf4
16.Qxf4 Rb5 17.O-O Qb6 18.c4 Qb8 19.Qd2 Re5 20.Rad1 Qc7 21.Ng5 Rf5 22.Nd4 Ra5
23.Rfe1 Be7 24.b4 Bxg5 25.hxg5 Ra4 26.Nb3 Bc8 27.Nc5  1-0

[Event "Biel op (Women)"]
[Site "Biel"]
[Date "1990.??.??"]
[Round "7"]
[White "Brustman, Agnieszka"]
[Black "Nutu Gajic, Dana"]
[Result "1-0"]
[WhiteElo "2300"]
[BlackElo "2295"]

1.e4 c5 2.Nf3 d6 3.d4 Nf6 4.Nc3 cxd4 5.Nxd4 Nc6 6.Bg5 e6 7.Qe2 a6 8.O-O-O Bd7
9.f4 b5 10.Bxf6 gxf6 11.Nxc6 Bxc6 12.Qe1 Be7 13.Bd3 Qb6 14.Kb1 h5 15.f5 b4
16.Ne2 e5 17.Qg3 Kf8 18.Qf3 Qc5 19.h4 d5 20.g4 hxg4 21.Qxg4 Qe3 22.Rhg1  1-0

[Event "Bielsko Biala op"]
[Site "Bielsko Biala"]
[Date "1990.??.??"]
[Round "10"]
[White "Grabarczyk, Bogdan"]
[Black "Petrienko, Vladimir"]
[Result "0-1"]
[WhiteElo "2310"]
[BlackElo "2440"]

1.e4 c5 2.Nf3 Nc6 3.d4 cxd4 4.Nxd4 Nf6 5.Nc3 d6 6.Bg5 Qb6 7.Nb3 e6 8.f4 Be7
9.Bd3 h6 10.Bxf6 Bxf6 11.Qd2 a6 12.O-O-O Bd7 13.Kb1 O-O-O 14.Rhe1 Kb8 15.Bf1 Bc8
16.Na4 Qc7 17.Qe3 g5 18.g3 gxf4 19.gxf4 d5 20.e5 Bh4 21.Re2 Na5 22.Nxa5 Qxa5
23.Nc3 Be7 24.Red2 Bb4 25.a3 Bc5 26.Qf3 Bd7 27.Ne2 Qb6 28.Nd4 Rc8 29.Nb3 Be7
30.Qf2 Qxf2 31.Rxf2 Rhg8 32.Bh3 Rc4 33.Nd4 Bc5 34.c3 Bb6 35.Rg2 Rxg2 36.Bxg2 Rc8
37.Bh3 Rg8 38.Kc1 Ba4 39.Rf1 Rc8 40.Kb1 Bxd4 41.cxd4 Rc4 42.f5 exf5 43.Rf4 Bc2+
44.Ka2 Be4 45.Bxf5 Rxd4 46.Bxe4 dxe4 47.Kb3 Kc8 48.Rxf7 e3 49.Rf1 Kd7 50.Re1 Re4
51.Kc3 Rxe5 52.Kd4 Rh5 53.Re2 Rh3 54.Ke4 Kc6 55.Kf4 h5 56.Ke4 Kb5 57.b3 a5
58.Kd3 a4 59.b4 Rf3 60.Kd4 b6 61.Kd3 h4 62.Kd4 h3 63.Kd3 Rf2 64.Rxe3 Rxh2
65.Re5+ Ka6 66.Rh5 Rb2 67.Kc4 Rc2+ 68.Kd3 Rb2 69.Kc4 Rb3 70.b5+ Kb7 71.Rh7+ Kc8
72.Rh6 Kc7 73.Rc6+ Kd7 74.Rxb6 Rxa3 75.Kb4 Rg3 76.Kxa4 Rg4+ 77.Ka5 Rh4 78.Rf6 h2
79.Rf7+ Ke6 80.Rf1 h1=Q 81.Rxh1 Rxh1 82.Ka6 Kd6 83.Ka7 Kc5 84.b6 Ra1+  0-1

[Event "CSR-ch"]
[Site "Brno"]
[Date "1990.??.??"]
[Round "6"]
[White "Prandstetter, Eduard"]
[Black "Kolesar, Milan"]
[Result "1-0"]
[WhiteElo "2400"]
[BlackElo "2350"]

1.e4 c5 2.Nf3 d6 3.d4 cxd4 4.Nxd4 Nf6 5.Nc3 Nc6 6.Bg5 e6 7.Qd2 a6 8.O-O-O Bd7
9.f4 b5 10.Bxf6 gxf6 11.f5 Nxd4 12.Qxd4 Bh6+ 13.Kb1 Bf4 14.Ne2 Be5 15.Qd2 Qb6
16.fxe6 fxe6 17.Nf4 Rc8 18.g3 Ke7 19.Bg2 Rc4 20.Nd3 Bd4 21.Qh6 Rf8 22.Qxh7+ Rf7
23.Qh5 b4 24.Nf4 Qc7 25.Rd2 Ba4 26.Qe2 Bc3 27.Bf1 Rc5 28.Nd3 Ra5 29.Rd1 Bb5
30.Qe3 Rxa2 31.Kxa2 Bc4+ 32.Kb1 Qa5 33.Nc1 Bxf1 34.Rhxf1 Ke8 35.Rxd6 Rc7
36.Qb6  1-0

[Event "Brocco op"]
[Site "Brocco"]
[Date "1990.??.??"]
[Round "7"]
[White "Chudinovskih, Alexander"]
[Black "Barbero, Gerardo F"]
[Result "1-0"]
[WhiteElo "2305"]
[BlackElo "2475"]

1.e4 c5 2.Nf3 d6 3.d4 cxd4 4.Nxd4 Nf6 5.Nc3 Nc6 6.Bg5 e6 7.Qd2 a6 8.O-O-O Bd7
9.f4 h6 10.Bh4 g5 11.fxg5 Ng4 12.Nf3 hxg5 13.Bg3 Be7 14.Be2 Nge5 15.Rhf1 Rh7
16.Kb1 b5 17.Bd3 Rb8 18.Ne2 f6 19.Ned4 Nxd4 20.Nxd4 Qb6 21.Nf3 Bc6 22.Qe2 Nxd3
23.cxd3 Rd8 24.h4 gxh4 25.Nxh4 Kd7 26.Ng6 Rg8 27.Nxe7 Kxe7 28.Qf3 Rg6 29.Bf2 Qb8
30.Rc1 Bd7 31.d4 b4 32.e5 Qb5 33.exd6+ Kf7 34.Rfe1 b3 35.Rc7 bxa2+ 36.Ka1 Rh8
37.Rb7  1-0

[Event "Budapest Noviki-C"]
[Site "Budapest"]
[Date "1990.??.??"]
[Round "1"]
[White "Wagman, Stuart"]
[Black "Levin, Felix"]
[Result "0-1"]
[WhiteElo "2265"]
[BlackElo "2375"]

1.e4 c5 2.Nf3 d6 3.d4 cxd4 4.Nxd4 Nf6 5.Nc3 Nc6 6.Bg5 e6 7.Qd2 a6 8.O-O-O h6
9.Be3 Bd7 10.f3 b5 11.Nxc6 Bxc6 12.Kb1 Be7 13.h4 d5 14.Qf2 Qc7 15.Bb6 Qb7
16.e5 Nd7 17.Bd4 O-O 18.Ne2 f6 19.exf6 Bxf6 20.Bxf6 Rxf6 21.Nd4 e5 22.Nxc6 Qxc6
23.Qd2 Nb6 24.Bd3 Re8 25.Rhe1 e4 26.Qe3 Rfe6 27.fxe4 dxe4 28.Be2 Nc4 29.Bxc4 Qxc4
30.Rd4 Qc5 31.Rd8 Qxe3 32.Rxe8+ Rxe8 33.Rxe3 Kf7 34.Kc1 Kf6 35.Kd2 Kf5 36.Rc3 Re6
37.h5 g5 38.hxg6 Rxg6 39.g3 Kg4 40.Ke2 Kh3 41.Re3 h5 42.Rxe4 Kxg3 43.Kf1 h4
44.Re3+ Kh2 45.a4 Rf6+ 46.Ke1 bxa4 47.Re4 Kg3 48.Rxa4 h3 49.Ra5 h2 50.Rh5 Rf4  0-1

[Event "Spring op"]
[Site "Budapest"]
[Date "1990.??.??"]
[Round "3"]
[White "Joecks, Christian"]
[Black "Kiselev, Sergey"]
[Result "0-1"]
[WhiteElo "2295"]
[BlackElo "2450"]

1.e4 c5 2.Nf3 Nc6 3.d4 cxd4 4.Nxd4 Nf6 5.Nc3 d6 6.Bg5 e6 7.Qd2 a6 8.O-O-O h6
9.Be3 Nxd4 10.Bxd4 Be7 11.f3 b5 12.Bd3 Qa5 13.Kb1 b4 14.Ne2 e5 15.Be3 Be6
16.Nc1 d5 17.Qf2 dxe4 18.Bxe4 Nxe4 19.fxe4 O-O 20.g4 Rac8 21.Rhg1 Rc4 22.g5 h5
23.Qf3 g6 24.b3 Rc3 25.Rd3 Rfc8 26.Rxc3 bxc3 27.Nd3 Qb5 28.Qg3 Bd6 29.Bd4 h4
30.Qxh4 Qxd3  0-1

[Event "Budapest IM-B"]
[Site "Budapest"]
[Date "1990.??.??"]
[Round "3"]
[White "Berebora, Ferenc"]
[Black "Kiss, Attila"]
[Result "1/2-1/2"]
[WhiteElo "2275"]
[BlackElo "2355"]

1.e4 c5 2.Nf3 Nc6 3.d4 cxd4 4.Nxd4 Nf6 5.Nc3 d6 6.Bg5 e6 7.Qd2 Be7 8.O-O-O O-O
9.f4 Nxd4 10.Qxd4 Qa5 11.Bc4 Bd7 12.e5 dxe5 13.Qxe5 Qb4 14.Rd4 Bc6 15.Bb5 Qc5
16.Bxf6 gxf6 17.Qxc5 Bxc5 18.Rd3 Bxb5 19.Nxb5 Rfd8 20.Rhd1 Rxd3 21.Rxd3 a6
22.Nd6 Rd8 23.Nxb7 Rxd3 24.cxd3 Be3+ 25.Kd1 Bxf4 26.h3 Kf8 27.Ke2 Bc1 28.Nc5 Bxb2
29.Nxa6 Ke7 30.Nb4 Kd6 31.Ke3 f5 32.d4 Bc3 33.Nc2 Ba5 34.g4 fxg4 35.hxg4 f5
36.gxf5 exf5 37.Kf4 Ke6 38.d5+ Kf6 39.Nd4 Bc7+ 40.Kf3 Ke5 41.Nxf5 Kxf5 42.a4 Kg5
43.a5 Bxa5 44.d6 Kh4 45.Kg2 h5 46.d7 Kg4 47.d8=Q Bxd8 48.Kh2 h4 49.Kg2 Bc7
50.Kg1  1/2-1/2